| 000 | 00369nam a22001457a 4500 | ||
|---|---|---|---|
| 005 | 20250623095225.0 | ||
| 008 | u | ||
| 020 | _a9789988122980 | ||
| 050 |
_aBR1360 _b.B395 BED |
||
| 100 | _aBEDIAKO KWAME | ||
| 245 |
_aJESUS IN AFRICA; _bTHE CHRISTIAN GOSPEL IN AFRICAN HISTORY AND EXPERIENCE |
||
| 260 |
_aACCRA _bREGNUM _cc2013 |
||
| 300 | _axiii,134p | ||
| 942 |
_2lcc _cBK _n0 |
||
| 999 |
_c6626 _d6626 |
||